<?xml version="1.0" encoding="UTF-8"?><?xml-stylesheet type="text/xsl" href="static/style.xsl"?><OAI-PMH xmlns="http://www.openarchives.org/OAI/2.0/" xmlns:xsi="http://www.w3.org/2001/XMLSchema-instance" xsi:schemaLocation="http://www.openarchives.org/OAI/2.0/ http://www.openarchives.org/OAI/2.0/OAI-PMH.xsd"><responseDate>2026-06-01T12:19:46Z</responseDate><request verb="GetRecord" identifier="oai:riuma.uma.es:10630/35627" metadataPrefix="marc">https://riuma.uma.es/rest/oai/request</request><GetRecord><record><header><identifier>oai:riuma.uma.es:10630/35627</identifier><datestamp>2026-02-03T11:08:21Z</datestamp><setSpec>com_10630_2254</setSpec><setSpec>col_10630_37953</setSpec></header><metadata><record xmlns="http://www.loc.gov/MARC21/slim" xmlns:dcterms="http://purl.org/dc/terms/" xmlns:doc="http://www.lyncode.com/xoai" xmlns:xsi="http://www.w3.org/2001/XMLSchema-instance" xsi:schemaLocation="http://www.loc.gov/MARC21/slim http://www.loc.gov/standards/marcxml/schema/MARC21slim.xsd">
   <leader>00925njm 22002777a 4500</leader>
   <datafield ind2=" " ind1=" " tag="042">
      <subfield code="a">dc</subfield>
   </datafield>
   <datafield ind2=" " ind1=" " tag="720">
      <subfield code="a">Sedeño-Valdellós, Ana María</subfield>
      <subfield code="e">author</subfield>
   </datafield>
   <datafield ind2=" " ind1=" " tag="260">
      <subfield code="c">2024</subfield>
   </datafield>
   <datafield ind2=" " ind1=" " tag="520">
      <subfield code="a">La industria musical produce dinámicas para converger con la del entretenimiento audiovisual &#xd;
desde sus comienzos, y en la actualidad las posibilidades de la digitalización de contenidos y las &#xd;
propuestas transmedia componen un panorama dominado por ciertas lógicas de producción y recepción &#xd;
de contenidos musicales. Lo transmedia es un modelo de circulación cultural que contiene variadas &#xd;
estrategias de visibilidad y viralización de contenidos a través de todo tipo de ventanas para llegar a &#xd;
diversos públicos objetivos. En un contexto de plataformización creciente de los contenidos musicales, &#xd;
algunos artistas buscan técnicas con las que construir sinergias para expandir su propuesta musical a través &#xd;
de todos los canales, incluidos las redes sociales. Se estudian los casos de trabajos musicales y propuestas &#xd;
de Beyoncé, Lady Gaga y Taylor Swift como ejemplos exitosos actuales de estas estrategias transmedia de &#xd;
convergencia musico/visual. El álbum visual, las redes sociales y la gestión de la identidad de la “persona &#xd;
musical” son estudiados a través de ellos.</subfield>
   </datafield>
   <datafield ind1="8" ind2=" " tag="024">
      <subfield code="a">Sedeño-Valdellos, Ana. 2024. "Transmedialidad en Expansión en la Industria Musical: Videoclip y Redes Sociales en Tres Estudios de Caso." Revista Internacional de la Imagen 9 (1): 1-9. doi:10.18848/2474-5197/CGP/v09i01/1-9.</subfield>
   </datafield>
   <datafield ind1="8" ind2=" " tag="024">
      <subfield code="a">https://hdl.handle.net/10630/35627</subfield>
   </datafield>
   <datafield ind1="8" ind2=" " tag="024">
      <subfield code="a">10.18848/2474-5197/CGP/v09i01/1-9</subfield>
   </datafield>
   <datafield tag="653" ind2=" " ind1=" ">
      <subfield code="a">Música y sociedad</subfield>
   </datafield>
   <datafield tag="653" ind2=" " ind1=" ">
      <subfield code="a">Música e Internet</subfield>
   </datafield>
   <datafield ind2="0" ind1="0" tag="245">
      <subfield code="a">Transmedialidad en Expansión en la Industria Musical: Videoclip y Redes Sociales en Tres Estudios de Caso.</subfield>
   </datafield>
</record>
</metadata></record></GetRecord></OAI-PMH>